| 000 | 00455nam a2200193Ia 4500 | ||
|---|---|---|---|
| 005 | 20240429092153.0 | ||
| 008 | 131103s9999 xx 000 0 und d | ||
| 020 | _cRs.1.00 | ||
| 040 | _aLoreto College | ||
| 041 | _aEnglish | ||
| 082 |
_a425 _bROS |
||
| 100 | _aRose, J. P. | ||
| 245 |
_aDesk work _b book vi _cJ. P. Rose |
||
| 260 |
_aCalcutta _bMacmillan _c1957 |
||
| 300 | _a70p. | ||
| 650 | _aEnglish grammar | ||
| 850 | _aLCBED | ||
| 942 | _cBK | ||
| 999 |
_c28501 _d78980 |
||